000 00760nam a2200253 a 4500
003 OSt
005 20210818181749.0
008 990329r20001993sp gr 00011dspa d
020 _a8420447625
040 _bspa
041 0 _aspa
082 0 4 _a863.6
_bS571n
100 1 _aSierra i Fabra, Jordi,
_d1947-
245 1 0 _aNoche de viernes
_cJordi Sierra i Fabra
250 _aEditora Marta Higueras Díez.
260 _aMadrid
_bAlfaguara
_c1993
300 _a167 páginas
_c21 cm.
490 _aAlfaguara juvenil
_vSerie roja
650 _aNovela española.
650 _aJuventud
_v Novela.
650 6 _aJuventud y droga
_v Novela.
700 1 _aHigueras Díez, Marta,
_eeditora
942 _2ddc
_h863.6 S571n
_k863.6
_mS571n
999 _c12361
_d12361